Word Stepladder - Statistics

General Stats
  • This quiz has been taken 18 times
  • The average score is 5 of 7
Answer Stats
# Letter Word Definition Word % Correct
4 a bench or chair intended to be sat on SEAT
100%
5 to ridicule or make fun of TEASE
93%
6 an assembly or council of legislative functions SENATE
86%
8 (plural) a former member of the army forces VETERANS
86%
9 to restore to a better state (usually of buildings) RENOVATES
71%
10 (plural) a burial monument GRAVESTONES
43%
7 with serious and intent mental state EARNEST
7%
No matching quizzes found
Score Distribution
Percent of People with Each Score
Percentile by Number Answered
Your Score History
You have not taken this quiz